000 00473nam a2200181Ia 4500
001 11119
005 20260306161922.0
008 260306t1965||||xx |||||||||||||| ||spa||
041 _aESP
082 _a985.009
_bB141M
100 _aAlva Orlandini, Hernán
_eAUT
245 0 _aBiblioteca hombres del Perú:
_bJosé de la Mar; Manuel I. de Vivanco
260 _c1965
300 _a136 páginas :
_c19 cm.
650 _aGEN
654 _aCHU
942 _cLIB
_dJUS
_fJUS
_2ddc
_n
999 _c11119
_d11119